Peace Nobel Prizes - Statistics

General Stats
  • This quiz has been taken 12 times
  • The average score is 13 of 140
Answer Stats
Picture Hint Answer % Correct
1990 - USSR/Russia Mikhail Gorbachev
80%
1993 - South Africa Nelson Mandela
80%
2009 - United States Barack H. Obama
70%
2002 - United States Jimmy Carter
70%
1964 - United States Martin Luther King Jr.
70%
1979 - India Mother Teresa
70%
1906 - United States Theodore Roosevelt
60%
2001 - Ghana Kofi Atta Annan
50%
1994 - Palestine Yasser Arafat
50%
1977 - United Kingdom Amnesty International
40%
1984 - South Africa Desmond Tutu
40%
2012 - Global European Union
40%
1919 - United States Woodrow Wilson
40%
2007 - United States Al Gore
30%
1961 - Sweden Dag Hammarskjöld
30%
1973 - United States Henry Kissinger
30%
1983 - Poland Lech Wałęsa
30%
2001 - Global United Nations
30%
1978 - Egypt Anwar al-Sadat
20%
1991 - Myanmar/Burma Aung San Suu Kyi
20%
1993 - South Africa F. W. de Klerk
20%
1953 - United States George C. Marshall
20%
1962 - United States Linus Carl Pauling
20%
2022 - Russia Memorial
20%
1994 - Israel Shimon Peres
20%
1971 - Germany Willy Brandt
20%
1994 - Israel Yitzhak Rabin
20%
1975 - USSR/Russia Andrei Sakharov
10%
1926 - France Aristide Briand
10%
1905 - Austria Bertha von Suttner
10%
1976 - United Kingdom Betty Williams
10%
1996 - East Timor Carlos Filipe Ximenes Belo
10%
1999 - France Doctors Without Borders
10%
2011 - Liberia Ellen Johnson Sirleaf
10%
1901 - France Frédéric Passy
10%
1926 - Germany Gustav Stresemann
10%
1901 - Switzerland Henry Dunant
10%
1904 - Belgium Institute of International Law
10%
1969 - Global International Labour Organization
10%
1985 - United States International Physicians for the Prevention of Nuclear War
10%
1997 - United States Jody Williams
10%
1998 - United Kingdom John Hume
10%
1996 - East Timor José Ramos-Horta
10%
2000 - South Korea Kim Dae-Jung
10%
1957 - Canada Lester Bowles Pearson
10%
2014 - Pakistan Malala Yousafzai
10%
2008 - Finland Martti Ahtisaari
10%
1978 - Israel Menachem Begin
10%
2006 - Bangladesh Muhammad Yunus
10%
2023 - Iran Narges Mohammadi
10%
2020 - Global World Food Programme
10%
2020 - Ethiopia Abiy Ahmed Ali
0%
1980 - Argentina Adolfo Pérez Esquivel
0%
1902 - Switzerland Albert Gobat
0%
1960 - South Africa Albert Lutuli
0%
1952 - France Albert Schweitzer
0%
2022 - Belarus Ales Bialiatski
0%
1982 - Mexico Alfonso García Robles
0%
1911 - Austria Alfred Fried
0%
1982 - Sweden Alva Myrdal
0%
1947 - United States American Friends Service Committee
0%
1934 - United Kingdom Arthur Henderson
0%
1909 - Belgium Auguste Beernaert
0%
1936 - Argentina Carlos Saavedra Lamas
0%
1935 - Germany Carl von Ossietzky
0%
2022 - Ukraine Center for Civil Liberties
0%
1925 - United States Charles G. Dawes
0%
1921 - Norway Christian Lange
0%
1945 - United States Cordell Hull
0%
1989 - China Dalai Lama (14th)
0%
1998 - United Kingdom David Trimble
0%
2018 - Democratic Republic of the Congo Denis Mukwege
0%
2021 - Russia Dmitry Muratov
0%
1974 - Japan Eisaku Satō
0%
1902 - Switzerland Élie Ducommun
0%
1986 - United States Elie Wiesel
0%
1912 - United States Elihu Root
0%
1946 - United States Emily Greene Balch
0%
1907 - Italy Ernesto Teodoro Moneta
0%
1927 - France Ferdinand Buisson
0%
1929 - United States Frank B. Kellogg
0%
1908 - Denmark Fredrik Bajer
0%
1922 - Norway Fridtjof Nansen
0%
1947 - United Kingdom Friends Service Council
0%
1958 - Belgium Georges Pire
0%
2006 - Bangladesh Grameen Bank
0%
1913 - Belgium Henri La Fontaine
0%
1921 - Sweden Hjalmar Branting
0%
2007 - United States Intergovernmental Panel on Climate Change
0%
2005 - Global International Atomic Energy Agency
0%
2017 - Australia International Campaign to Abolish Nuclear Weapons
0%
1997 - United States International Campaign to Ban Landmines
0%
1963 - Switzerland International Committee of the Red Cross
0%
1944 - Switzerland International Committee of the Red Cross
0%
1917 - Switzerland International Committee of the Red Cross
0%
1931 - United States Jane Addams
0%
1946 - United States John R. Mott
0%
1995 - United Kingdom Joseph Rotblat
0%
2016 - Colombia Juan Manuel Santos
0%
2014 - India Kailash Satyarthi
0%
1908 - Sweden Klas Pontus Arnoldson
0%
1973 - Vietnam Le Duc Tho
0%
1920 - France Léon Bourgeois
0%
1951 - France Léon Jouhaux
0%
2011 - Liberia Leymah Gbowee
0%
2010 - China Liu Xiaobo
0%
1949 - United Kingdom Lord Boyd Orr
0%
1907 - France Louis Renault
0%
1927 - Germany Ludwig Quidde
0%
1976 - United Kingdom Mairead Corrigan
0%
2021 - Philippines Maria Ressa
0%
2005 - Egypt Mohamed ElBaradei
0%
1938 - Switzerland Nansen International Office for Refugees
0%
1930 - Sweden Nathan Söderblom
0%
2015 - Tunisia National Dialogue Quartet
0%
1931 - United States Nicholas Murray Butler
0%
2024 - Japan Nihon Hidankyo
0%
1970 - United States Norman Borlaug
0%
1981 - Global Office of the United Nations High Commissioner for Refugees
0%
1954 - Global Office of the United Nations HIgh Commissioner for Refugees
0%
2013 - Global Organisation for the Prohibition of Chemical Weapons
0%
1987 - Costa Rica Oscar Arias Sánchez
0%
1909 - France Paul Henri d'Estournelles de Constant
0%
1910 - Switzerland Permanent International Peace Bureau
0%
1959 - United Kingdom Philip Noel-Baker
0%
1995 - Canada Pugwash Conferences on Science and World Affairs
0%
1950 - United States Ralph Bunche
0%
1903 - United Kingdom Randal Cremer
0%
1968 - France René Cassin
0%
1992 - Guatemala Rigoberta Menchú Tum
0%
1937 - United Kingdom Robert Cecil
0%
1974 - Ireland Seán MacBride
0%
2003 - Iran Shirin Ebadi
0%
1925 - United Kingdom Sir Austen Chamberlain
0%
1933 - United Kingdom Sir Norman Angell
0%
2011 - Yemen Tawakkol Karman
0%
1911 - Netherlands Tobias Asser
0%
1965 - Global United Nations Children's Fund
0%
1988 - Global United Nations Peacekeeping Forces
0%
2004 - Kenya Wangari Muta Maathai
0%
No matching quizzes found
Score Distribution
Percent of People with Each Score
Percentile by Number Answered
Your Score History
You have not taken this quiz